00881nam a22001817a 4500003000900000008004100009040007100050082001900121100002300140245008200163260003600245300002600281505030500307650001900612650001300631650002400644700003100668AR-CdUCM190305b ||||| |||| 00| 0 spa d aMUNICIPALIDAD PROVINCIAL DEL CUSCOcBIBLIOTECA MUNICIPAL DEL CUSCO a321.8 / bP415 aPennock, J. Roland aLa información de nuevas naciones :bSus problemas sociales y políticos / aBuenos Aires :bTroquel,c1967. a130 paginas ;c19 cm. aDemocracia, modernización y la formación de naciones -- El problema de la convivencia de la autonomía -- La convivencia de las ideas "occidentales" para los nuevos estados africanos -- El comunismo y las naciones nuevas -- La política de estados unidos con respecto al desarrollo político. aNuevos estados aNaciones aGobierno y sociedad aMontes, Estela (Traductor)